000 01143nam a22002777a 4500
001 BD-DhSAU 9278
003 BD-DhSAU
005 20221218105643.0
008 150613b2018 bg a|||| m||| 00| 0 eng d
040 _aBD-DhSAU
082 _222
_a630
_bH829
100 _aHOSSAIN, NUR
_eRegistration No. # 18-09189
245 _aYield performance of white maize (sauwmt-9-3-4) under varying fertilizer doses and spacing in kharif-1 season /
_bMS thesis
260 _aSher-e-Bangla Agricultural University :
_bDepartment of Agronomy,
_c2020
300 _axiv, 75p. :
_bill. ;
_c30 cm.
500 _aMS thesis of Department of Agonomy, Faculty of Agriculture, Sher-e-Bangla Agricultural University, Dhaka, Bangladesh
504 _aIncludes bibliographical reference.
590 _aNazmul
650 _awhite maize (sauwmt-9-3-4)
650 _afertilizer doses
651 _aspacing in kharif-1 season
700 _aProf. Dr. Md. Jafar Ullah
_eSuperviser
700 _aProf. Dr. Md. Shahidul Islam
_eCo-superviser
856 _uhttp://archive.saulibrary.edu.bd:8080/xmlui/handle/123456789/4546
942 _2ddc
_cTHESIS
999 _c16405
_d16404